Second report of the commissioners appointed to inquire whether any and what special means may be requisite for the improvement of the health of the metropolis : with minutes of evidence /

Bibliographic Details
Corporate Author: Great Britain. Metropolitan Sanitary Commission
Format: eBook
Language:English
Series:Making of the modern world (Goldsmiths'-Kress Library of Economic Literature)
Subjects:
Online Access:Connect to the full text of this electronic book

MARC

Tag First Indicator Second Indicator Subfields
LEADER 00000cam a2200000Ia 4500
001 in00002294721
005 20190326193319.0
006 m | d |
007 cr |n||||||||n
008 890713s1848 enka s 000 0 eng d
040 |a NYG  |c GKR  |d OCL  |d OCLCQ  |d Thomson Gale  |d UtOrBLW 
043 |a e-uk-en 
110 1 |a Great Britain.  |b Metropolitan Sanitary Commission. 
245 1 0 |a Second report of the commissioners appointed to inquire whether any and what special means may be requisite for the improvement of the health of the metropolis :  |b with minutes of evidence /  |c Metropolitan Sanitary Commission. 
264 3 |a London :  |b Printed by W. Clowes for H.M.S.O.,  |c 1848. 
300 |a viii, 144 pages :  |b illustrations 
336 |a text  |b txt  |2 rdacontent 
337 |a computer  |b c  |2 rdamedia 
338 |a online resource  |b cr  |2 rdacarrier 
500 |a Reproduction of original from Goldsmiths' Library, University of London. 
500 |a Goldsmiths'-Kress number 35850. 
510 4 |a OCLC,  |c 20002773 
533 |a Electronic reproduction.  |b Farmington Hills, Mich. :  |c Thomson Gale,  |d 2005.  |f (The making of the modern world).  |n Available via the World Wide Web.  |n Access limited to licensing agreements.  |7 s2005 miunns 
500 |a Electronic resource. 
610 1 0 |a Great Britain.  |b Metropolitan Sanitary Commission. 
650 0 |a Public health  |z England  |z London. 
650 0 |a Public health. 
650 0 |a Sanitation. 
655 0 |a Electronic books. 
830 0 |a Making of the modern world (Goldsmiths'-Kress Library of Economic Literature) 
856 4 0 |u http://proxy.library.tamu.edu/login?url=http://galenet.galegroup.com/servlet/MOME?af=RN&ae=U109503907&srchtp=a&ste=14&locID=txshracd2898  |z Connect to the full text of this electronic book  |t 0 
999 |a MARS 
999 f f |s 707fa100-5a96-38e1-9b5e-be4c96a4af6a  |i 5832e42b-9335-3da4-9f9e-56a4f41c60a8  |t 0 
952 f f |a Texas A&M University  |b College Station  |c Electronic Resources  |d Available Online  |t 0  |h No information provided 
998 f f |t 0  |l Available Online